| 000 | 00598 a2200229 4500 | ||
|---|---|---|---|
| 003 | CBULib | ||
| 005 | 20250729101727.0 | ||
| 008 | 250729b |||||||| |||| 00| 0 eng d | ||
| 020 | _a9781784082086 | ||
| 040 |
_bEnglish _cCBULib _erda |
||
| 041 | _aeng | ||
| 050 | _aPR 6073. E374 | ||
| 100 | _aWeldon, Fay | ||
| 245 |
_aBefore the war _c/ by Fay Weldon |
||
| 260 |
_bHead of Zeus, _c2016 _aCroydon : |
||
| 300 | _a298 pages | ||
| 336 |
_2rdacontent _aText | _btxt |
||
| 337 |
_2rdamedia _aUnmediated | _bn |
||
| 338 |
_2rdacarrier _aVolume _bnc |
||
| 650 | 0 |
_9708 _aFICTION |
|
| 942 |
_2lcc _c002 |
||
| 999 |
_c86345 _d86345 |
||